01665nam a2200373Ia 4500001000700000003000500007005001700012008004100029010001100070040000900081090001900090100003700109245012400146260003400270300001000304502020500314650002400519650001700543650002700560650002300587700005400610700005800664700005800722856005300780901001900833902000600852910000900858942001100867942001100878999001900889952012600908952012501034952013201159Z_6345CHAP20231016114952.0220113s2012 xx 000 0 und d a169601 cCHAP aTesis R85 2232 aRuiz Rodríguez, Elvira9100771 aProblemática y vialidad económica de la acuacultura y pesca. Estudio de caso Guanajuato /cElvira Ruiz Rodríguez aMéxico :bEl autor,c2012 a63 p. aTesis ( Ingeniero Agrónomo Especialista en Zootecnia )-- UACh, 2012 \ Dirección: Leticia Myriam Sagarnaga Villegas; asesoría: María del Socorro Salazar Bustos y José María Salas González aAcuacultura9138623 aPesca987351 aProblemática9143686 aViabilidad9144511 a Salas González, José María, asesor9144512 a Salazar Bustos, María del Socorro, asesor 9144513 aSagarnaga Villegas, Leticia Myriam, director 914350542uhttp://10.13.5.2/tesis/115107.pdfyDescargar PDF aTESIS R85 2232 aM a2012 c22ddc c22ddc c169601d169601 00102local40718TESISaZbZd2013-05-29eEl autorl0oTesis R85 2232pz_T 3931r2022-01-18 00:00:00t1w2022-01-18yCD 00102local40718TESISaZbZd2013-05-29eEl autorl0oTess R85 2232pz_T 3932r2022-01-18 00:00:00t2w2022-01-18yCD 00102local4055708TESISaZbZd2013-05-29eEl autorl0oTesis R85 2232pz_T 3933r2022-01-18 00:00:00t3w2022-01-18yTESIS